Photo Documentation Report 10 day Intensive Training of Traines (TOT) on Ecological Pest Management

Sparad:
Bibliografiska uppgifter
Huvudupphovsman: Salazar E Barbara
Materialtyp: Bok
Språk:Undetermined
Publicerad: 1994
Ämnen:
Taggar: Lägg till en tagg
Inga taggar, Lägg till första taggen!
Thư viện lưu trữ: Trung tâm Học liệu Trường Đại học Cần Thơ
LEADER 00503nam a2200169Ia 4500
001 CTU_28098
008 210402s9999 xx 000 0 und d
082 |a 581.5 
082 |b S159 
100 |a Salazar E Barbara 
245 0 |a Photo Documentation Report 
245 0 |b 10 day Intensive Training of Traines (TOT) on Ecological Pest Management 
245 0 |c Salazar E Barbara 
260 |c 1994 
650 |a ecology 
904 |i Sáng, 981007 
980 |a Trung tâm Học liệu Trường Đại học Cần Thơ